Guía análisis del sistema urbano regional para el ordenamiento territorial

Na minha lista:
Detalhes bibliográficos
Autor Corporativo: Subsecretaría de Desarrollo Regional y Administrativo (Autor)
Formato: Livro
Idioma:espanhol
Publicado em: Santiago Subsecretaría de Desarrollo Regional y Administrativo 2013
Edição:1a. ed
Assuntos:
Tags: Adicionar Tag
Sem tags, seja o primeiro a adicionar uma tag!

MARC

LEADER 00000cam a2200000 a 4500
001 UCE0150
003 CL-VaPUC
008 140103e20130900cl |||||||||||||||||spa|d
020 |a 9789568468439 
082 0 4 |a 307.76  |b SUB  |2 21 
110 2 |a Subsecretaría de Desarrollo Regional y Administrativo  |e author  |9 572569 
245 1 0 |a Guía análisis del sistema urbano regional para el ordenamiento territorial 
250 |a 1a. ed 
300 |a 111 p 
942 |c BK 
945 |d 20140103 12:15:00  |a dcastane 
260 |a Santiago  |b Subsecretaría de Desarrollo Regional y Administrativo  |c 2013 
650 0 |a Comunidades urbanas  |9 556622 
650 0 |a Ordenamiento territorial  |9 469387 
583 |a last modification  |c 20140103 12:15:00  |k Rodrigo Vera 
999 |c 354425  |d 354423 
952 |0 0  |1 0  |3 erb  |4 0  |6 307_760000000000000_SUB_2013  |7 0  |8 A  |9 460288  |a BIBING  |b BIBING  |i 5042305  |o 307.76 SUB 2013  |p 5042305  |r 2025-01-20  |w 2019-11-23  |y BK  |z Catalogado en:20140103  |k GEO 
952 |0 0  |1 0  |3 erb  |4 0  |6 307_760000000000000_SUB_2013  |7 0  |8 A  |9 460289  |a BIBING  |b BIBING  |i 5194180  |o 307.76 SUB 2013  |p 5194180  |r 2025-01-20  |w 2019-11-23  |y BK  |z Catalogado en:20150813  |k ING 
952 |0 0  |1 0  |3 erb  |4 0  |6 307_760000000000000_SUB_2013  |7 0  |8 A  |9 460290  |a BIBING  |b BIBING  |i 5194199  |o 307.76 SUB 2013  |p 5194199  |r 2025-01-20  |w 2019-11-23  |y BK  |z Catalogado en:20150813  |k ING 
952 |0 0  |1 0  |3 erb  |4 0  |6 307_760000000000000_SUB_2013  |7 0  |8 P  |9 460291  |a BIBARQ  |b BIBARQ  |i 5194210  |o 307.76 SUB 2013  |p 5194210  |r 2025-01-20  |w 2019-11-23  |y BK  |z Catalogado en:20150813  |k ARQ 
952 |0 0  |1 0  |3 erb  |4 0  |6 307_760000000000000_SUB_2013  |7 0  |8 P  |9 460292  |a BIBARQ  |b BIBARQ  |i 5194229  |o 307.76 SUB 2013  |p 5194229  |r 2025-01-20  |w 2019-11-23  |y BK  |z Catalogado en:20150813  |k ARQ